Antropología de lo urbano
Saved in:
| Hovedforfatter: | |
|---|---|
| Format: | Bog |
| Sprog: | spansk |
| Udgivet: |
Santiago, Chile.
Lom Ediciones,
2016
Santiago, Chile. Colegio de Antropólogos de Chile, 2016 |
| Udgivelse: | 1a. ed |
| Serier: | Colección Ciencias Humanas y Sociales
|
| Fag: | |
| Tags: |
Tilføj Tag
Ingen Tags, Vær først til at tagge denne postø!
|
MARC
| LEADER | 00000cam a2200000 a 4500 | ||
|---|---|---|---|
| 001 | UCC8475 | ||
| 003 | CL-VaPUC | ||
| 005 | 20240125113216.0 | ||
| 008 | 190705e20160000cl |||||||||||||||||spa|d | ||
| 999 | |c 374802 |d 374800 | ||
| 020 | |a 9789560006691 | ||
| 040 | |c Pontificia Universidad Católica de Valparaíso | ||
| 082 | 0 | 4 | |a 301.2 GRA 2016 |2 21 |
| 100 | |a Gravano, Ariel |e author |9 603166 | ||
| 245 | 1 | 0 | |a Antropología de lo urbano |
| 250 | |a 1a. ed | ||
| 260 | |a Santiago, Chile. |b Lom Ediciones, |c 2016 | ||
| 260 | |a Santiago, Chile. |b Colegio de Antropólogos de Chile, |c 2016 | ||
| 300 | |a 296 páginas | ||
| 490 | 0 | |a Colección Ciencias Humanas y Sociales | |
| 583 | |a last modification |c 20190705 13:21:00 |k Rodrigo Vera | ||
| 650 | 0 | |a Antropología cultural y social |9 265143 | |
| 650 | 0 | |a Acción social |9 307836 | |
| 650 | 0 | |a Problemas sociales |9 258537 | |
| 942 | |c BK |2 ddc | ||
| 945 | |d 20190705 13:21:00 |a dcastane | ||
| 952 | |0 0 |1 0 |2 ddc |3 erb |4 0 |6 301_200000000000000_GRA_2016 |7 0 |8 A |9 493518 |a BIBING |b BIBING |i 5554950 |o 301.2 GRA 2016 |p 5554950 |r 2025-01-20 |w 2019-11-24 |y BK |z Catalogado en:20190705 |k GEO | ||